000 00511nam a22001937a 4500
003 MPLRDC
005 20220104192324.0
008 210129b ||||| |||| 00| 0 eng d
020 _a978-986-133-447-9
082 _a861.57 SGGY v.1
100 _a松冈圭祐
245 _a万能鉴定士Q的事件簿1
_c李汉庭 译
250 _a初版
260 _a台湾
_b圆神出版社有限公司
_c2013
300 _b
490 _aWOW: 001
650 _a日本文学--小说
942 _cBK
_o861.57 SGGY v.1
999 _c64666
_d64656